| 000 | 00713nam a2200241Ia 4500 | ||
|---|---|---|---|
| 001 | dia_3038 | ||
| 003 | CHAP | ||
| 005 | 20230508105137.0 | ||
| 008 | 220117s1996 xx 000 0 und d | ||
| 010 | _a173543 | ||
| 040 | _cCHAP | ||
| 082 | _a728.6 S3 | ||
| 100 |
_aSancho I Valls, Josep _9102009 |
||
| 245 |
_aAutodiagnostico de la Calidad Higienica en las Instalaciones Agroalimentarias / _c por Josep Sancho I Valls |
||
| 260 |
_aMéxico, Mundi-Prensa _c1996 |
||
| 300 | _a126P. | ||
| 650 |
_a1.Construcciones _9153934 |
||
| 650 |
_aIngenierÃa agricola _958196 |
||
| 901 | _a728.6 S3 | ||
| 902 | _aM | ||
| 905 | _a0000001996 MEXA 0000000000ESP00 | ||
| 942 |
_cLIBRO _2ddc |
||
| 999 |
_c173543 _d173543 |
||